00487 2200181 4500001002100000005001500021008004100036020002200077035001900099041000700118082001000125090001600135100001200151245004100163260004700204300003400251650002000285INLIS00000000000851820241224113649241224||||||||| | ||| |||| || |  a978-979-678-401-1 0010-1224008518 aid0 a581.6 a581.6 SOP t0 aSopandi00aTanaman Obat Tradisional (Jilid III) aBandungbPT. Sarana Panca Karya Nusac2009 a25x18 cm, vi, 74 hlm.; ilus.: 0aIlmu-ilmu Murni